LUCIO FLAVO : LA DESTRUCCION DE JERUSALEN POR TITO /

Uloženo v:
Podrobná bibliografie
Hlavní autor: Spillmann, Joseph (autor)
Médium: Kniha
Témata:
Tagy: Přidat tag
Žádné tagy, Buďte první, kdo vytvoří štítek k tomuto záznamu!

MARC

LEADER 00000nam^a2200000^a^4500
001 000234709
005 20250521000000.0
009 20260310104737.258
035 |a 057606 
037 |a Acervo Xavier Clavigero 
082 |a 833. 8  |b SPI V. 1 
100 |a Spillmann, Joseph  |e (autor) 
245 1 0 |a LUCIO FLAVO :  |b LA DESTRUCCION DE JERUSALEN POR TITO /  |c JOSE SPILLMANN 
264 |a MEXICO :  |b LATINO AMERICANA,  |c 1953 
300 |a V.- 
336 |a texto  |b txt  |2 rdacontenido 
337 |a sin mediación  |b n  |2 rdamedio 
338 |a volumen  |b nc  |2 rdasoporte 
649 |a XX 
650 |a Novela Alemana 
650 |a Literatura Alemana -  |y Siglo XIX 
910 |a Fondo General 
920 |a Impresos - Libros 
930 |a Colección General 
940 |a Literatura 
905 |a 101 
901 |a 057606  |b IT1  |c LIT  |i 057606  |u 20250521 
902 |a https://opac.biblio.iteso.mx/vufind/Record/000234709